000 00963nam a2200193 4500
999 _c7217
_d7217
020 _a9780521576864
022 _a052134655X
050 _aPR3100
_b.K46
100 _aKennedy Dennis
245 _aLooking at Shakespeare:
_bA visual history of twentieth-century performance
_cDennis Kennedy
260 _aCambridge
_bCambridge University Press
_c1993
300 _axxiii. 358 pages :
_billustration
_c26 cm
500 _aIncludes Index
505 _aShakespeare and the visual -- Victorian pictures -- The scenographic revolution -- Styles of politics -- The stuffed stag and the new look -- Reinventing the stage -- The liberation of Europe -- New spaces, new audiences -- Imaging Shakespeare.
650 _aShakespeare, William, -- 1564-1616 -- Stage history -- 1950- -- Pictorial works.
650 _aShakespeare, William, -- 1564-1616 -- Stage history -- 1800-1950 -- Pictorial works.
650 _aShakespeare, William, -- 1564-1616.
942 _cBK